000
00254nam a22000977a 4500
082
_a
940.54382
_b
ENG
_c
L-30, P-98
245
_a
Engineer History
_b
Mediterranean theater
526
_a
0
_b
0
_c
0
_d
940_543820000000000_ENG
650
_a
MCE
_9
379
942
_2
ddc
_c
BK
999
_c
551869
_d
551869